<?xml version="1.0" encoding="UTF-8"?>
<record
    xmlns:xsi="http://www.w3.org/2001/XMLSchema-instance"
    xsi:schemaLocation="http://www.loc.gov/MARC21/slim http://www.loc.gov/standards/marcxml/schema/MARC21slim.xsd"
    xmlns="http://www.loc.gov/MARC21/slim">

  <leader>00446nam a22001577a 4500</leader>
  <controlfield tag="003">OSt</controlfield>
  <controlfield tag="005">20250310141400.0</controlfield>
  <controlfield tag="008">250310b        |||||||| |||| 00| 0 eng d</controlfield>
  <datafield tag="020" ind1=" " ind2=" ">
    <subfield code="a">9789354640506</subfield>
  </datafield>
  <datafield tag="040" ind1=" " ind2=" ">
    <subfield code="c">IIMT University</subfield>
  </datafield>
  <datafield tag="100" ind1=" " ind2=" ">
    <subfield code="a">Maheshwari, B.Uma and Sujatha, R.</subfield>
  </datafield>
  <datafield tag="245" ind1=" " ind2=" ">
    <subfield code="a">Introduction to Data Science Practical Approach with R and Python</subfield>
  </datafield>
  <datafield tag="260" ind1=" " ind2=" ">
    <subfield code="a">New Delhi</subfield>
    <subfield code="b">Wiley India Pvt. Ltd.</subfield>
    <subfield code="c">2025</subfield>
  </datafield>
  <datafield tag="300" ind1=" " ind2=" ">
    <subfield code="a">557</subfield>
  </datafield>
  <datafield tag="942" ind1=" " ind2=" ">
    <subfield code="2">ddc</subfield>
    <subfield code="c">02</subfield>
  </datafield>
  <datafield tag="999" ind1=" " ind2=" ">
    <subfield code="c">65322</subfield>
    <subfield code="d">65322</subfield>
  </datafield>
  <datafield tag="952" ind1=" " ind2=" ">
    <subfield code="0">0</subfield>
    <subfield code="1">0</subfield>
    <subfield code="2">ddc</subfield>
    <subfield code="4">0</subfield>
    <subfield code="7">0</subfield>
    <subfield code="a">01</subfield>
    <subfield code="b">01</subfield>
    <subfield code="d">2025-03-10</subfield>
    <subfield code="e">Savera Book Distributor</subfield>
    <subfield code="g">829.00</subfield>
    <subfield code="i">24-25/CRB/988, 07 March 2025</subfield>
    <subfield code="p">01-B-144053</subfield>
    <subfield code="r">2025-03-10</subfield>
    <subfield code="w">2025-03-10</subfield>
    <subfield code="y">06</subfield>
  </datafield>
  <datafield tag="952" ind1=" " ind2=" ">
    <subfield code="0">0</subfield>
    <subfield code="1">0</subfield>
    <subfield code="2">ddc</subfield>
    <subfield code="4">0</subfield>
    <subfield code="7">0</subfield>
    <subfield code="a">01</subfield>
    <subfield code="b">01</subfield>
    <subfield code="d">2025-03-10</subfield>
    <subfield code="e">Savera Book Distributor</subfield>
    <subfield code="g">829.00</subfield>
    <subfield code="i">24-25/CRB/988, 07 March 2025</subfield>
    <subfield code="l">1</subfield>
    <subfield code="p">01-B-144054</subfield>
    <subfield code="r">2025-07-02</subfield>
    <subfield code="s">2025-05-06</subfield>
    <subfield code="w">2025-03-10</subfield>
    <subfield code="y">02</subfield>
  </datafield>
  <datafield tag="952" ind1=" " ind2=" ">
    <subfield code="0">0</subfield>
    <subfield code="1">0</subfield>
    <subfield code="2">ddc</subfield>
    <subfield code="4">0</subfield>
    <subfield code="7">0</subfield>
    <subfield code="a">01</subfield>
    <subfield code="b">01</subfield>
    <subfield code="d">2025-03-10</subfield>
    <subfield code="e">Savera Book Distributor</subfield>
    <subfield code="g">829.00</subfield>
    <subfield code="i">24-25/CRB/988, 07 March 2025</subfield>
    <subfield code="l">2</subfield>
    <subfield code="p">01-B-144055</subfield>
    <subfield code="r">2026-01-22</subfield>
    <subfield code="s">2025-11-19</subfield>
    <subfield code="w">2025-03-10</subfield>
    <subfield code="y">02</subfield>
  </datafield>
  <datafield tag="952" ind1=" " ind2=" ">
    <subfield code="0">0</subfield>
    <subfield code="1">0</subfield>
    <subfield code="2">ddc</subfield>
    <subfield code="4">0</subfield>
    <subfield code="7">0</subfield>
    <subfield code="a">01</subfield>
    <subfield code="b">01</subfield>
    <subfield code="d">2025-03-10</subfield>
    <subfield code="e">Savera Book Distributor</subfield>
    <subfield code="g">829.00</subfield>
    <subfield code="i">24-25/CRB/988, 07 March 2025</subfield>
    <subfield code="l">0</subfield>
    <subfield code="p">01-B-144056</subfield>
    <subfield code="r">2025-03-10</subfield>
    <subfield code="w">2025-03-10</subfield>
    <subfield code="y">02</subfield>
  </datafield>
  <datafield tag="952" ind1=" " ind2=" ">
    <subfield code="0">0</subfield>
    <subfield code="1">0</subfield>
    <subfield code="2">ddc</subfield>
    <subfield code="4">0</subfield>
    <subfield code="7">0</subfield>
    <subfield code="a">01</subfield>
    <subfield code="b">01</subfield>
    <subfield code="d">2025-03-10</subfield>
    <subfield code="e">Savera Book Distributor</subfield>
    <subfield code="g">829.00</subfield>
    <subfield code="i">24-25/CRB/988, 07 March 2025</subfield>
    <subfield code="l">0</subfield>
    <subfield code="p">01-B-144057</subfield>
    <subfield code="r">2025-03-10</subfield>
    <subfield code="w">2025-03-10</subfield>
    <subfield code="y">02</subfield>
  </datafield>
  <datafield tag="952" ind1=" " ind2=" ">
    <subfield code="0">0</subfield>
    <subfield code="1">0</subfield>
    <subfield code="2">ddc</subfield>
    <subfield code="4">0</subfield>
    <subfield code="7">0</subfield>
    <subfield code="a">01</subfield>
    <subfield code="b">01</subfield>
    <subfield code="d">2025-03-10</subfield>
    <subfield code="e">Savera Book Distributor</subfield>
    <subfield code="g">829.00</subfield>
    <subfield code="i">24-25/CRB/988, 07 March 2025</subfield>
    <subfield code="l">1</subfield>
    <subfield code="p">01-B-144058</subfield>
    <subfield code="r">2026-01-30</subfield>
    <subfield code="s">2025-11-10</subfield>
    <subfield code="w">2025-03-10</subfield>
    <subfield code="y">02</subfield>
  </datafield>
  <datafield tag="952" ind1=" " ind2=" ">
    <subfield code="0">0</subfield>
    <subfield code="1">0</subfield>
    <subfield code="2">ddc</subfield>
    <subfield code="4">0</subfield>
    <subfield code="7">0</subfield>
    <subfield code="a">01</subfield>
    <subfield code="b">01</subfield>
    <subfield code="d">2025-03-10</subfield>
    <subfield code="e">Savera Book Distributor</subfield>
    <subfield code="g">829.00</subfield>
    <subfield code="i">24-25/CRB/988, 07 March 2025</subfield>
    <subfield code="l">0</subfield>
    <subfield code="p">01-B-144059</subfield>
    <subfield code="r">2025-03-10</subfield>
    <subfield code="w">2025-03-10</subfield>
    <subfield code="y">02</subfield>
  </datafield>
  <datafield tag="952" ind1=" " ind2=" ">
    <subfield code="0">0</subfield>
    <subfield code="1">0</subfield>
    <subfield code="2">ddc</subfield>
    <subfield code="4">0</subfield>
    <subfield code="7">0</subfield>
    <subfield code="a">01</subfield>
    <subfield code="b">01</subfield>
    <subfield code="d">2025-03-10</subfield>
    <subfield code="e">Savera Book Distributor</subfield>
    <subfield code="g">829.00</subfield>
    <subfield code="i">24-25/CRB/988, 07 March 2025</subfield>
    <subfield code="l">0</subfield>
    <subfield code="p">01-B-144060</subfield>
    <subfield code="r">2025-03-10</subfield>
    <subfield code="w">2025-03-10</subfield>
    <subfield code="y">02</subfield>
  </datafield>
  <datafield tag="952" ind1=" " ind2=" ">
    <subfield code="0">0</subfield>
    <subfield code="1">0</subfield>
    <subfield code="2">ddc</subfield>
    <subfield code="4">0</subfield>
    <subfield code="7">0</subfield>
    <subfield code="a">01</subfield>
    <subfield code="b">01</subfield>
    <subfield code="d">2025-03-10</subfield>
    <subfield code="e">Savera Book Distributor</subfield>
    <subfield code="g">829.00</subfield>
    <subfield code="i">24-25/CRB/988, 07 March 2025</subfield>
    <subfield code="l">0</subfield>
    <subfield code="p">01-B-144061</subfield>
    <subfield code="r">2025-03-10</subfield>
    <subfield code="w">2025-03-10</subfield>
    <subfield code="y">02</subfield>
  </datafield>
  <datafield tag="952" ind1=" " ind2=" ">
    <subfield code="0">0</subfield>
    <subfield code="1">0</subfield>
    <subfield code="2">ddc</subfield>
    <subfield code="4">0</subfield>
    <subfield code="7">0</subfield>
    <subfield code="a">01</subfield>
    <subfield code="b">01</subfield>
    <subfield code="d">2025-03-10</subfield>
    <subfield code="e">Savera Book Distributor</subfield>
    <subfield code="g">829.00</subfield>
    <subfield code="i">24-25/CRB/988, 07 March 2025</subfield>
    <subfield code="l">0</subfield>
    <subfield code="p">01-B-144062</subfield>
    <subfield code="r">2025-03-10</subfield>
    <subfield code="w">2025-03-10</subfield>
    <subfield code="y">02</subfield>
  </datafield>
</record>
